banner-ar

EVER A FRONTIER : (Record no. 9781)

MARC details
000 -الفاتح
حقل البيانات ثابتة الطول 00573nam a2200169Ia 4500
008 - عناصر البيانات ثابتة الطول - معلومات عامة
حقل البيانات ثابتة الطول 140319s9999 xx 000 0 eng d
020 ## - الرقم الدولى المعيارى للكتب
الرقم الدولى المعيارى للكتاب 0802837239
040 ## - مصدر الفهرسة
وكالة الفهرسة الأصلية GCL /
وكالة النسخ GCL
082 04 - رقم تصنيف ديوى العشرى
رقم التصنيف 230.5071073
رقم المادة W E
100 1# - المدخل الرئيسى - إسم شخصى
الإسم الشخصى WALTHER, JAMES ARTHUR
245 10 - بيان العنوان
العنوان EVER A FRONTIER :
بقية العنوان THE BICENTENNIAL HISTORY OF THE PITTSBURGH THEOLOGICAL SEMINARY /
بيان المسئوليه,etc WALTHER, JAMES ARTHUR
260 ## - PUBLICATION, DISTRIBUTION, ETC. (IMPRINT)
تاريخ النشر أو التوزيع 1994
300 ## - الوصف المادى
التعداد 24 CM ؛
أبعاد الوعاء 282 P
650 04 - المدخل الاضافى بالموضوع-مصطلح موضوعى
مصطلح موضوعي PITTSBURGH THEOLOGICAL SEMINARY - HISTORY
942 ## - عناصر المدخل الإضافي( كوها)
مصدر التصنيف او مخطط الترفيف Dewey Decimal Classification
Koha [default] item type كتاب
260 ## - PUBLICATION, DISTRIBUTION, ETC. (IMPRINT)
-- نيويورك :
-- WILLIAM B. EERDMANS PUBLISHING COMPANY ،
Holdings
حالة التراجع حالة الفقد حالة تلف ليس للاعارة المكان المؤقت الموقع الحالى تاريخ الاكتساب اجمالي اﻻعارات رقم الطلب الباركود تاريخ اخر مشاهدة تاريخ تفعيل السعر نوع وعاء كوها
        مكتبة القاهرة الكبرى مكتبة القاهرة الكبرى 03/26/2014   230.5071073\W E 20230 03/26/2014 03/26/2014 كتاب
        مكتبة القاهرة الكبرى مكتبة القاهرة الكبرى 03/26/2014   230.5071073\W E 20231 03/26/2014 03/26/2014 كتاب

Powered By

EGPV